Local radio and television (Record no. 150140)
[ view plain ]
| 000 -LEADER | |
|---|---|
| fixed length control field | 00657nam a2200253 a 4500 |
| 008 - FIXED-LENGTH DATA ELEMENTS--GENERAL INFORMATION | |
| fixed length control field | |
| 020 ## - INTERNATIONAL STANDARD BOOK NUMBER | |
| International Standard Book Number | 024051422 |
| 090 10 - LOCALLY ASSIGNED LC-TYPE CALL NUMBER (OCLC); LOCAL CALL NUMBER (RLIN) | |
| Classification number (OCLC) (R) ; Classification number, CALL (RLIN) (NR) | PN 4784 CHA |
| 003 - CONTROL NUMBER IDENTIFIER | |
| control field | |
| 005 - DATE AND TIME OF LATEST TRANSACTION | |
| control field | 20230123133527.0 |
| 040 ## - CATALOGING SOURCE | |
| Transcribing agency | NUST |
| 049 ## - LOCAL HOLDINGS (OCLC) | |
| Holding library | MAIN |
| 100 10 - MAIN ENTRY--PERSONAL NAME | |
| Personal name | Chantler,Paul |
| 245 10 - TITLE STATEMENT | |
| Title | Local radio and television |
| 250 10 - EDITION STATEMENT | |
| Edition statement | 2nd ed |
| 260 10 - PUBLICATION, DISTRIBUTION, ETC. | |
| Place of publication, distribution, etc. | Oxford, : |
| Name of publisher, distributor, etc. | Butterworth and Heinemann, |
| Date of publication, distribution, etc. | 1997 |
| 300 ## - PHYSICAL DESCRIPTION | |
| Extent | xiv, 775 p . : |
| Other physical details | ill , ; |
| Dimensions | 21 cm |
| 650 ## - SUBJECT ADDED ENTRY--TOPICAL TERM | |
| Topical term or geographic name entry element | Journalism |
| 650 ## - SUBJECT ADDED ENTRY--TOPICAL TERM | |
| Topical term or geographic name entry element | Local radio journalism |
| 700 ## - ADDED ENTRY--PERSONAL NAME | |
| Personal name | Harris Sim |
| 700 ## - ADDED ENTRY--PERSONAL NAME | |
| Personal name | Harris Sim |
| 907 ## - LOCAL DATA ELEMENT G, LDG (RLIN) | |
| a | .b10099530 |
| b | 19-04-07 |
| c | 02-12-03 |
| 942 ## - ADDED ENTRY ELEMENTS (KOHA) | |
| Koha item type | Ordinary Loan Books |
| Call number prefix | PN 4784 CHA |
| Date last seen | Total Checkouts | Full call number | Barcode | Cost, replacement price | Price effective from | Koha item type | Lost status | Source of classification or shelving scheme | Damaged status | Not for loan | Collection | Withdrawn status | Home library | Current library | Shelving location | Date acquired | Cost, normal purchase price |
|---|---|---|---|---|---|---|---|---|---|---|---|---|---|---|---|---|---|
| 01/23/2023 | 22 | PN 4784 CHA | 92003012969 | 80.00 | 01/23/2023 | BOOKS | LCC | NFIC | MAIN | MAIN | GEN | 01/23/2023 | 80.00 |